000 00897nas a2200301 4500
001 BR0204261
003 BR-BrBNA
005 20231205103211.0
007 ta
008 230509b bl.|||p| |||| 00| 00por d
040 _aBR-BrBNA
_bpor
_cBiblioteca Nacional de Agricultura
041 _a(Pt)
072 _aF62; F06
100 1 _aBastos, E.A.
100 1 _aRodrigues, B.H.N.
100 1 _aAndrade Júnior, A.S.
100 1 _aCardoso, M.J.
245 1 _aParâmetros de crescimento do feijão caupi sob diferentes regimes hídricos
650 _aFEIJÃO DE CORDA
650 _aCRESCIMENTO
650 _aCULTURA IRRIGADA
650 _aVARIEDADE
650 _aMATÉRIA SECA
650 _aCURVA DE CRESCIMENTO
773 0 _tEngenharia Agrícola (Brazil)
_xISSN 0100-6916
_g(Jan 2002), v. 22(1) p. 43-50
_wBR0204261
909 _a202311
_bLúcia
_c55
_dLúcia Elande
942 _2AGRIS
_n0
_cANA
999 _c171627
_d171627